000 00296nam a2200085Ia 4500
245 0 _aAfrican solutions : best practices from the African Peer Review Mechanism
100 _a Gruzd, Steven Auckland Park, South Africa, 2011
_947766
942 _cBK
008 210818s9999 xx 000 0 und d
999 _c435608
_d435608